[Event "Match 79__120'/40"]
[Site "Zürich"]
[Date "2025.??.??"]
[Round "45"]
[White "Mephisto Explorer Pro"]
[Black "Mephisto Polgar sel. 5"]
[Result "1-0"]
[WhiteElo "2013"]
[BlackElo "1981"]
[Annotator "Utzinger,K"]
[PlyCount "152"]
[EventDate "2024.10.21"]
[EventType "match"]
[SourceVersionDate "2024.10.21"]

{[%evp 0,152,19,19,20,1,6,6,14,15,23,23,19,11,11,15,19,-35,-24,-36,-28,-28,-24,-24,-26,-37,-27,-27,-9,-8,17,5,30,27,15,9,7,-8,-8,-8,-21,-1,26,26,23,26,60,26,104,97,106,107,101,53,53,53,51,51,58,52,63,62,59,48,-27,-34,48,51,58,57,69,70,71,71,89,90,91,106,95,104,136,131,171,151,158,135,165,172,167,179,217,229,262,271,308,306,321,339,351,351,373,291,411,314,323,305,323,323,324,326,340,334,363,363,413,377,379,309,348,348,336,344,356,356,461,479,491,493,522,562,642,668,673,729,820,883,1209,687,929,1031,1120,1128,1369,1410,1499,1552,1479,1439,1587,1281,1729,1249,1853,2319,1817]} 1. d4 d5 {Match 120'/40 | Bediener: Rolf Bühler | 45. Partie: Weiss (Mephisto Explorer Pro) gewinnt | Zwischenstand: 27,5-17,5 (61,1%) für Mephisto Explorer Pro / hypothetisch: 27,0-18,0 (60%) für Mephisto Explorer Pro | Eröffnung: Damengambit, 3.e3, Tausch Variante | Mit dem Eröffnungsverlauf darf der Schwarz spielende Mephisto Polgar zufrieden sein. Das Programm von Ed Schroeder erhält auch ein annehmbares Mittelspiel mit gleichen Chancen. Dann jedoch bleibt er mit einem schwachen e4-Bauern hängen, hätte aber seine Probleme gerade noch lösen können. Nicht jedoch mit dem sinnlosen 23...g6?, der ihn einen Bauern kostet. Der Mephisto Explorer Pro wickelt dann aber falsch ab, so dass im Endspiel der Kampf mit gleichen Chancen weitergehen kann. Aber schliesslich ist es wieder das holländische Programm von Frans Morsch, das vom gegnerischen Fehler 34...g5? profitieren und erneut den Sieg holen kann.} 2. c4 e6 3. Nf3 Nf6 4. e3 {Irgendwo habe ich kürzlich gelesen, allerdings auf Englisch: "Diese Variante wurde immer als harmlos angesehen, aber in letzter Zeit wurde sie von einigen starken Spielern benutzt, um die Vorbereitung zu umgehen und ein farbiges Mittelspiel zu bekommen. Es ist also an der Zeit, dass man diese Variante ernst nimmt." Diesen Kommentar verstehe ich nicht, kann doch Schwarz ohne den schon auf c3 stehenden Springer mit 4...c5 leicht ausgleichen.} Be7 {Schwarz bleibt beim Klassischen Damengambit. Dabei gibt es gemäss Stockfish 17 auf Suchtiefe 50 wenigstens 5 verschiedene, praktisch gleichwertige Alternativen, wobei ich nur die ersten drei Halbzüge mit Bewertung angebe:} ({Stockfish 17 SE-avx2: 1)} 4... Be7 5. cxd5 exd5 {0.00(50%)/50}) ({Stockfish 17 SE-avx2: 2)} 4... b6 5. Nc3 Bd6 {0.01(50%)/50}) ({Stockfish 17 SE-avx2: 3)} 4... a6 5. Nc3 dxc4 {0.08(51%)/49}) ({Stockfish 17 SE-avx2: 4)} 4... Nbd7 5. Nc3 {0.08(51%)/49}) ({Stockfish 17 SE-avx2: 5)} 4... Bb4+ 5. Nbd2 O-O {0.11(51%)/49}) ({Selbst} 4... c5 {ist gut spielbar} 5. cxd5 exd5 {=(0.14) (51%)}) 5. Nc3 {***ENDE BUCH***} O-O {***ENDE BUCH***} 6. cxd5 {Hier gibt es neben dem Textzug eine ganze Palette von möglichen Alternativen wie 6.Ld3 / 6.Le2 / 6.Dc2 / 6.a3 / 6.b3.} exd5 7. Bd3 {[#]} Nc6 {Ein typischer Computerzug aus den 1990er Jahren. Im LiveBook von ChessBase existiert diese Fortsetzung gar nicht. Gemäss meinem grossen Buch wurde 7...Sc6 nur 24-mal gespielt … bei einem Elo Durchschnitt von 1644. Müsste man deshalb nicht stark die Nase rümpfen und den Textzug mit einem Fragezeichen versehen. Es liegt doch ein Verstoss gegen die "bekannten" Grundsätze in geschlossenen Eröffnungen vor, den Springer erst anzutasten, wenn der c-Bauer schon bewegt wurde. Keine meiner zahlreichen Engines zeigt 7...Sc6 unter den ersten fünf Bestzügen an. Somit wäre das ? also klar. Das moderne Schach ist allerdings komplex geworden und vieles wird heute als spielbar angesehen, wo sich die alten Meister im Grabe umdrehen würden. Interessant auch, dass nach Ausführung von 7...Sc6 die Engines für Weiss nur einen ganz bescheidenen Vorteil attestieren und somit keine echten Mängel daran erkennen können. Dass 7...Sc6 auf hohem Niveau nie vorkommt, kann daran liegen, das die dynamischen Chancen für Schwarz geringer sind als bei anderen Fortsetzungen. Nach 7...Sc6 geben die Engines folgende Bewertungen aus, alles bis ST 41 geprüft. Berserk 13: =(0.20) (51%) / Dragon 3.1 by Komodo Chess 64-bit: =(0.26) / Fritz 17: =(0.16) / Koivisto 9.0: =+(0.31) / Deep HIARCS 15.4: =(0.09) / Lc0 v0.31.1: (=(0.18) (54%) / Stockfish 17: =(0.04) (50%) / FAZIT: Das "hässlich" anzusehende 7...Sc6 ist durchaus spielbar.} 8. Be2 $2 {Das Fragezeichen hier steht nicht für einen Fehler, sondern für die völlige Widersinnigkeit dieses Manövers, das eine gut stehende Figur auf ein schlechteres Feld stellt. Auch wird die Möglichkeit für die starke Alternative 9.h3, was ...Lg4 verhindert, oder die Entwicklung 8.0-0, verpasst.} Bf5 9. Nh4 Bd7 10. O-O Ne4 11. Nf3 Bf5 12. Nxe4 {Das dient eher dem Gegner, weshalb normale Entwicklung mit 12.Ld2 bestimmt nicht verkehrt war.} dxe4 13. Nd2 a5 $6 {Wenn mir jemand erklären kann, was das soll, wäre ich dankbar. Fortsetzungen, die Pläne enthalten, gibt es durchaus:} (13... Nb4 {um den Springer auf das starke Zentrumsfeld d5 zu bringen.}) (13... Re8 {zwecks Überdeckung von e4 nach mit potenziellen Angriffschancen am Königsflügel nach weiterem ...Ld6.}) 14. a3 Bd6 15. Nc4 Be6 16. Qc2 f5 {Hier war 16...Ld5 gleichwertig.} 17. b3 Bd5 18. Nxd6 Qxd6 19. Bb2 {Endlich ist auch Weiss vollständig entwickelt. Die Stellung befindet sich im Gleichgewicht.} f4 {Im Gewinnsinne etwas verfrüht, weil dieser Vorstoss noch zu wenig Wirkung zeigt. Schwarz hätte vorerst die Verdoppelung der Türme auf der f-Linie oder/und das Manöver ...Sc6-d8-e6 ausführen sollen.} 20. exf4 Qxf4 21. Rae1 Rad8 22. Bc4 Rfe8 23. Re2 {Nun muss Schwarz aufpassen, dass sein schwacher Bauer auf e4 nicht kompensationslos in die Binsen geht.} {[#]} g6 $18 {[%mdl 2] ***VERLUSTZUG*** Schwarz trifft die falsche Wahl. Meine momentan beste Engine zeigt eine lange Variante, die in einem Turmendspiel mit drei gegen zwei Bauern am Königsflügel endet, was nicht zu gewinnen ist.} ({PROMENADE-avx2:} 23... Bxc4 {=(0.0) (50%) ST 58} 24. Qxc4+ Qf7 25. Rc1 Qxc4 26. Rxc4 Re6 27. Kf1 Rd7 28. Rec2 Red6 29. Ke2 Rd5 (29... Nxd4+ $2 30. Rxd4 Rxd4 31. Bxd4 Rxd4 32. Rxc7 $18) 30. Rc5 a4 31. b4 Nxd4+ 32. Bxd4 Rxd4 33. Rxc7 Rxc7 34. Rxc7 Rd3 35. Rxb7 Rxa3 36. Ra7 h6 37. h3 Kh7 38. b5 Kg6 39. b6 h5 40. h4 Rb3 41. Rxa4 Rxb6 42. Rxe4 Ra6 43. Kf3 Rf6+ 44. Kg3 Ra6 45. Re2 Kh6 46. Re3 Ra2 47. Re6+ Kh7 48. f3 Ra4 49. Re3 Kh6 50. Rc3 Ra6 51. Rb3 Ra2 52. Rb5 Ra3 53. Kf4 Ra2 54. g3 Ra6 {[%eval 0,58] [%wdl 11,978,11]}) 24. Rfe1 Qf5 25. Rxe4 {Und schon ist der Bauer hinüber.} Rxe4 26. Bxd5+ $2 {Mit einem Schlag macht Weiss seine Siegesträume zunichte.} ({Richtig ist} 26. Rxe4 $1 Kf8 27. Bxd5 Qxd5 28. f3 $18 {mit exzellenten Gewinnchancen}) 26... Rxd5 27. Qxe4 Qxe4 28. Rxe4 {Nach der vom Mephisto Explorer Pro gewählten Abwicklung ist nun nämlich der weisse Mehrbauer nur vorübergehend, weil Schwarz durch wechselnde Doppelangriffe auf b3 und d4 einen Bauer zurückerobert oder Zugwiederholung erreichen kann.} Rb5 29. Re3 Rd5 30. Re8+ {Vermeidet vorderhand die Zugwiederholung, aber erlaubt dem gegnerischen König, sich auf f7 günstiger zu positionieren.} (30. Rd3 {hilft auch nicht wegen} Ne5 31. Re3 Nc6 $11) 30... Kf7 31. Re4 Rb5 32. Re3 Rd5 {Verpasst einen überraschenden Ausgleich mit:} (32... a4 $1 33. b4 Nxb4 $1 34. axb4 Rxb4 35. Bc3 Rb1+ 36. Re1 Rb3 37. Ba1 a3 38. f4 a2 39. Kf2 Rb1 40. Bc3 c6 41. d5 (41. Ke2 $2 b5 $19 {und gewinnt}) (41. Re2 a1=Q 42. Bxa1 Rxa1 $11) 41... cxd5 42. Re2 a1=Q 43. Bxa1 Rxa1 44. Rb2 Ke6 45. Rxb7 Kf5 $11 {Natürlich ist diese Variante für unsere Oldies deutlich zu tief.}) 33. Rd3 Kf6 $6 {Genauer ginge der König nach e6, um sich später auf d5 einzunisten und dem Turm freie Bahn zu lassen. Der stetige Druck auf d4 würde seitens Weiss aktive Operationen verhindern und das Gleichgewicht herstellen.} ({PROMENADE-avx2:} 33... Ke6 {=(0.04) (50%) ST 62} 34. Kf1 Rf5 35. Rc3 Rh5 36. h3 Rd5 37. Rd3 Rd6 38. Rd1 Kd5 39. Rc1 b6 40. Ke2 Rf6 41. f3 h6 42. Kd3 Rf4 43. Ke3 g5 44. Rf1 Ne7 45. Kf2 Nc6 46. Rd1 Rf6 47. a4 Rf8 48. Kg3 Rf4 49. Rd3 Ne7 50. Kf2 Nc6 51. Rd2 Rf6 52. Bc3 Rf4 53. Ba1 Rf6 54. Bb2 Rf4 55. Rd3 Rf6 56. Kg3 Ne7 57. Bc3 Nf5+ 58. Kg4 Ng7 59. Bd2 Rg6 60. Rc3 h5+ 61. Kg3 Nf5+ 62. Kf2 {[%eval 4,62] [%wdl 5,992,3]}) 34. Kf1 {[#]} g5 $2 $18 {[%mdl 2] ***VERLUSTZUG*** Nur mit 34...Sd8 oder 34...Ke6 konnte Schwarz noch Widerstand leisten.} 35. Ke2 h5 36. h3 Kf5 37. Rf3+ Ke4 38. Re3+ Kf5 39. Kd3 $18 {Nun ist der schwache Mehrbauer in Sicherheit und der weisse Turm wird wieder frei in seinen Aktivitäten. Das Ende naht für Schwarz.} b5 40. Re4 Rd6 41. g4+ {Der König wird zurückgedrängt.} hxg4 42. hxg4+ Kf6 43. f4 {Es führen bereits mehrere Wege, u.a. 43.Lc3 oder 43.Lc2 nach Rom.} gxf4 44. Rxf4+ Kg6 45. Rf5 b4 46. a4 Kh6 47. Rc5 Kg6 48. Kc4 {Weiss findet den Gewinnweg und aktiviert den König.} Nb8 {Alles andere verliert ebenso.} (48... Kh6 49. d5 Ne7 50. Be5 $18) 49. Rxa5 Na6 50. g5 Kh5 51. Kd3 Kg4 52. Re5 Nb8 53. Rc5 Na6 54. Rb5 Kh5 55. Re5 Kh4 56. Bc1 Nb8 57. Re8 Nc6 58. Ke4 Kg4 (58... Rxd4+ 59. Kf3 Rd3+ 60. Be3 Kh5 61. Rh8+ Kg6 62. Rh6+ Kg7 63. Rxc6 $18) (58... Nxd4 59. g6 Ne6 60. Bb2 Kg5 61. g7 Nxg7 62. Bxg7 Rd2 {und Matt in 16}) 59. Be3 Na5 60. d5 Nxb3 61. Rb8 c5 62. dxc6 Rxc6 63. Kd5 {Oder auch Txb4.} Na5 64. Ra8 Rc3 65. g6 $1 {Droht Umwandlung in 2 Zügen. Schwarz hat deshalb keine Zeit für ...Txe3 und muss den Vormarsch des Bauern nach g7 bremsen, dafür aber den Sa5 hergeben.} Rc7 66. Rxa5 Rg7 67. Ra6 Rd7+ 68. Kc4 b3 69. Bd4 Rd8 70. g7 b2 71. Bxb2 Rc8+ 72. Kb5 Rb8+ 73. Rb6 Rg8 74. Rh6 Rb8+ 75. Ka6 Kf4 76. Rh8 Rxb2 {***AUFGEGEBEN***} 1-0

[Event "Match 79__120'/40"]
[Site "Zürich"]
[Date "2025.??.??"]
[Round "46"]
[White "Mephisto Polgar sel. 5"]
[Black "Mephisto Explorer Pro"]
[Result "0-1"]
[WhiteElo "1981"]
[BlackElo "2013"]
[Annotator "Utzinger,K"]
[PlyCount "107"]
[EventDate "2024.10.21"]
[EventType "match"]
[SourceVersionDate "2024.10.21"]

{[%evp 0,107,34,28,28,-11,-15,4,25,24,37,26,31,20,30,33,53,53,35,35,38,16,3,7,23,1,-3,4,4,4,-13,-13,-8,-20,-23,-23,-23,-42,-31,-30,-35,-47,-3,-4,-8,-8,-3,0,-5,0,28,43,43,35,35,39,18,27,29,9,13,0,0,0,0,0,0,0,0,-380,-400,-397,-415,-415,-415,-415,-415,-507,-535,-558,-559,-653,-755,-818,-877,-1015,-1189,-1216,-1344,-1216,-1300,-1416,-1354,-1797,-1797,-1807,-1790,-2021,-1608,-1671,-2113,-29979,-29980,-29981,-29982,-29987,-29988,-29989,-29988,-29989]} 1. d4 Nf6 {Match 120'/40 | Bediener: Rolf Bühler | 46. Partie: Schwarz (Mephisto Explorer Pro) gewinnt | Zwischenstand: 28,5-17,5 (61,9%) für Mephisto Explorer Pro / hypothetisch: 28,0-18,0 (60,8%) für Mephisto Explorer Pro | Eröffnung: Caro Kann Verteidigung, Panow-Botwinnik System | In einer ruhigen Positionspartie kommt es zu einem völlig ausgeglichenen Turmendspiel. Und was macht der in diesem Match unglücklich agierende Mephisto Polgar? Das Programm verliert die vierte Partie in Folge. Uns fehlen langsam die Worte.} 2. c4 e6 3. Nc3 Bb4 4. e3 O-O 5. Bd3 c5 6. Nf3 d5 {***ENDE BUCH***} 7. O-O {***ENDE BUCH***} cxd4 8. exd4 dxc4 9. Bxc4 Nc6 10. Bg5 h6 11. Bf4 Nd5 12. Bxd5 {Gibt ohne Not das Läuferpaar. Wenn schon ein Tausch auf d5, dann mit Springer.} exd5 13. Qb3 Bg4 14. Ne5 (14. Nxd5 $4 {verliert eine Figur wegen} Be6 $19) (14. Qxd5 Bxf3 15. Qxf3 Nxd4 $11) 14... Nxe5 15. Bxe5 Bxc3 16. bxc3 {Stabilisiert den Bauer d4, schafft aber auf c3 eine Schwäche.} b6 17. f3 Bf5 18. Rac1 Re8 (18... Rc8 {mit Druck auf der c-Linie sieht logischer aus.}) 19. c4 {Ein schwieriger Entscheid. Das Programm von Ed Schroeder ist offenbar der Meinung, dass der rückständige Bauer c3 schwächer ist als der jetzt entstehende Isolani auf d4. Die Engines sehen das eher umgekehrt. Dem schwarzen Läufer ist nach dem Tausch ...dxc4 auch die Diagonale g8-a2 offen und die schwarzen Figuren erhalten ein starkes Feld auf d5.} dxc4 20. Qxc4 Rxe5 {Schwarz kümmert sich nicht um positionelle Aspekte, wie bei 19.c4 beschrieben und erlaubt dem Gegner, seine Bauernstruktur wieder völlig in Ordnung zu bringen.} 21. dxe5 Bd3 22. Qc7 Bxf1 23. Qxd8+ {erzwungen} Rxd8 24. Kxf1 Rd2 $11 {[#] Ein völlig gleichstehendes Turmendspiel steht nun auf dem Brett. Und wie fast üblich, gibt es am Ende doch noch einen Sieger.} 25. Rc8+ Kh7 26. Rc7 a5 27. Rxf7 Rxa2 28. e6 Kg8 29. Rb7 Kf8 30. f4 a4 31. Rf7+ Kg8 32. f5 a3 33. Rb7 Kf8 ({Aber ja nicht} 33... Rb2 $4 34. Rb8+ Kh7 35. e7 a2 36. Ra8 Rb1+ 37. Kf2 a1=Q 38. Rxa1 Rxa1 39. e8=Q {und Weiss gewinnt.}) ({Ausgleich ergibt auch} 33... Rc2 34. Rb8+ Kh7 35. Ra8 (35. Rxb6 $4 a2 36. Ra6 Rc1+ 37. Kf2 a1=Q 38. Rxa1 Rxa1 {und Schwarz gewinnt}) 35... a2 $8 36. e7 Rc8 37. Rxa2 Re8 38. Ra7 Kg8 39. Rb7 Kf7 40. Rxb6 Rxe7 $11 {und Schwarz hat ein leicht zu haltendes Turmendspiel erreicht.}) {[#]} 34. Rxb6 $2 {[%mdl 32768] ***VERLUSTZUG*** Und wieder ist es der Mephisto Polgar, der sich ins Elend stürzt.} (34. Ra7 b5 35. Ra8+ Ke7 36. Ra7+ Kf8 $8 37. Ra8+ Ke7 38. Ra7+ Kf8 39. Ra8+ {Remis 3x}) 34... Rb2 $1 {Nun ist die Drohung ...a3 nebst ...Tb1+ gefolgt von ...a1D nicht zu verhindern.} 35. Ra6 a2 36. Ra8+ Ke7 37. Ra7+ Kf6 38. e7 Kf7 39. Ra8 Kxe7 40. g4 Rxh2 41. Ra7+ Kf6 42. Ra6+ Kg5 43. f6 {Pure Verzweiflung in total verlorener Stellung.} gxf6 44. Kg1 Rc2 45. Ra7 Kxg4 {Weshalb Schwarz nicht einfach rasch fertig macht mit 45...Tc1+ 46.Kg2 a1D, ist schwer verständlich.} 46. Ra4+ Kf3 47. Ra3+ Ke4 48. Ra4+ Kd3 49. Ra8 Rc1+ 50. Kg2 a1=Q 51. Rxa1 Rxa1 52. Kg3 Ke4 53. Kg2 f5 54. Kf2 {***AUFGEGEBEN***} 0-1

[Event "Match 79__120'/40"]
[Site "Zürich"]
[Date "2025.??.??"]
[Round "47"]
[White "Mephisto Explorer Pro"]
[Black "Mephisto Polgar sel. 5"]
[Result "1-0"]
[WhiteElo "2013"]
[BlackElo "1981"]
[Annotator "Utzinger,K"]
[PlyCount "112"]
[EventDate "2024.10.21"]
[EventType "match"]
[SourceVersionDate "2024.10.21"]

{[%evp 0,112,19,38,25,16,14,26,-11,7,20,0,12,14,2,-46,-34,-34,-33,-43,-40,-81,-73,-78,-55,-100,-52,-69,-76,-76,-56,-51,-40,-48,-30,-39,-9,-1,0,-34,-22,-56,-13,-18,-8,-10,21,24,38,24,47,35,50,113,132,87,86,54,94,-34,82,-128,168,181,285,285,289,283,279,255,260,254,252,243,243,243,243,257,271,269,256,271,289,310,297,280,298,284,282,284,285,287,298,292,288,296,302,289,348,871,894,955,1285,1505,1662,806,2018,852,884,962,998,1064,29993,29994,29995]} 1. e4 e5 {Match 120'/40 | Bediener: Rolf Bühler | 47. Partie: Weiss (Mephisto Explorer Pro) gewinnt | Zwischenstand: 29,5-17,5 (62,7%) für Mephisto Explorer Pro / hypothetisch: 28,0-19,0 (59,5%) für Mephisto Explorer Pro | Eröffnung: Schottisch, 6...d5 7.Sd2 | Mit seiner lahmen Eröffnungsanlage kann Weiss keinen Vorteil herausschinden. Im weiteren Verlauf schleichen sich beim Mephisto Explorer Pro dann Fehler ein. Aber alle drei ihm gebotenen Gewinnchancen vermag der Mephisto Polgar nicht zu nutzen. Mit 38...Df6? begeht Schwarz aber selbst einen entscheidenden Fehler, den sein Gegner indessen gnadenlos bestraft.} 2. Nf3 Nc6 3. d4 exd4 4. Nxd4 Nf6 5. Nxc6 bxc6 {***ENDE BUCH***} 6. Bd3 d5 7. Nd2 {***ENDE BUCH***} Bd6 {Nach Dr. Max Euwe in "Theorie der Schach-Eröffnungen" ist 7.Sd2 die solideste Fortsetzung, die allerdings keinen Vorteil gibt. Weiss wird bald zu exd5 gezwungen, wonach die Partie den Charakter der Hauptvariante erhält. Und statt 7...Ld6 wird 7...Lc5 angegeben. Beide Züge sind etwas gleichwertig.} 8. O-O O-O 9. Re1 Re8 $11 {[#]} 10. f3 $2 $19 {[%mdl 32768] Eine schlechte Fortsetzung ***VERLUSTZUG*** mit diversen Nachteilen: Schwächt die Diagonale a7-g1, verwehrt der weissen Dame den Ausgang, nimmt des Springer das Feld f3. Die Bewertung für Weiss sinkt auf -+ (-2.24) (0%) (+0% =1% -99%). Die taktisch negativen Folgen des Textzuges sind jedoch schwierig zu berechnen.} ({Gut ist} 10. exd5 cxd5 11. Nf3 Rxe1+ 12. Qxe1 Bg4 $11) 10... Rb8 $6 {Verpasst verständlicherweise eine tief versteckte taktische Operation mit ...dxe4.} (10... dxe4 $3 {Die damit eingeleitete Gewinnkombination mit einer Menge von Nebenvarianten ist viel zu tief für unsere alten Schätze.} 11. Bxe4 (11. Nxe4 $2 Nxe4 12. Bxe4 Qh4 $19) (11. fxe4 $2 Ng4 $19) 11... Ba6 $1 12. c4 (12. b3 $2 Bb4 $19) 12... Re6 13. Bxc6 $2 (13. Bf5 Re5 14. Be4 Rh5) (13. Qc2 Nxe4 14. Nxe4 Bxh2+ 15. Kh1 (15. Kxh2 Qh4+ 16. Kg1 Qxe1+) 15... Be5 $19 16. Ng5 (16. Bg5 Bd4 17. g4 Qf8 18. Ng3 c5 $19) 16... Rh6+ 17. Nh3 Rh5 18. Re4 (18. Be3 Bc8 $19) 18... Bb7 19. Qe2 Bd6 20. c5 Bxc5 21. Bf4 Bf8 22. Rd1 Rd5 $19) 13... Bc5+ 14. Kh1 Rxc6 $19) 11. c3 $6 {Erneut ungenau, so dass Schwarz mit 11...dxe4 -+ (-1.85) (2% +0% =4% -97%) Depth: 46/83 klar besser zu stehen käme.} (11. exd5 cxd5 12. Rxe8+ Qxe8 13. Qe2 $11 {ausgeglichen}) 11... Bd7 $6 {Schwarz gibt sich mit wenig Vorteil zufrieden.} 12. b3 $6 $17 {besser 12.exd5 +=} Nh5 ({besser} 12... Qe7 13. Qc2 Qe5 $17 {(-1.49) (7% +0% =13% -87%)}) 13. Nf1 Nf4 14. Bxf4 Bxf4 {Der schwarze Vorteil ist nur noch gering.} 15. Qc2 h6 16. Rad1 Qf6 17. c4 {Der Mephisto Explorer Pro beginnt gute Zügen zu machen.} d4 $6 {Umgekehrt lässt der Mephisto Polgar nach.} ({besser} 17... dxe4 $15) 18. c5 (18. g3 {ist stärker} Bd6 19. c5 Bf8 20. f4 $16 {und das Blatt hätte sich zugunsten von Weiss gewendet.}) 18... Be5 19. Ba6 $2 {Was um himmels willen soll der Läufer hier?} Be6 20. Rd3 Kh8 21. Red1 Rf8 22. a3 Rfd8 23. b4 Qg5 24. Bc4 Bxc4 25. Qxc4 Qf6 (25... a5 $5) 26. g3 {Droht mit f3-f4 klaren Vorteil zu erhalten und die Zentrumskontrolle zu übernehmen. Das musss Schwarz verhindern.} g5 27. Qa6 {Ein seltsames Manöver, kann doch der a7-Bauern nicht geschlagen werden.} h5 28. Nd2 $6 {Der Drohung ...h4 hätte Weiss mit 28.h3 entgegenwirken sollen, um auf 28...h4 29.g4 folgen zu lassen.} (28. Qxa7 $4 Ra8 29. Qb7 Rdb8 {kostet die weisse Dame.}) 28... h4 $15 {Jetzt steht Schwarz wieder etwas besser.} {[#]} 29. Kg2 $2 $19 {[%mdl 32768] Dieses unscheinbare Königsmanöver ist ein ***VERLUSTZUG***, was der Gegner fast erwartungsgemäss nicht ausnutzen kann.} Qe6 $2 {Damit ist leider kein Blumentopf, bzw. die Partie zu gewinnen.} (29... hxg3 $1 30. hxg3 Kg7 {ist tödlich für Weiss. Jedenfalls sieht die übermächtige Engine PROMENADE keine genügende Verteidigung mehr. Die besten Verteidigungen mit Bewertungen bei ST 49 sehen wie folgt aus: 31.Tg1 -+ (-3.00) (0%) | 31.Th1 -+ (-3.00) (0%) | 31.Te1 -+ (-2.98) (0%)}) 30. Nb3 $2 $19 {[%mdl 32768] Weiss stürzt wieder in den ***VERLUST***, was nun nach 30...hxg3 der Fall wäre.} (30. Qc4 $1 Qg6 31. Qc2 $11 {gefolgt von Sc4 hält die Stellung.}) {[#]} 30... Qf6 $2 $18 {[%mdl 2] Nach diesem Fehler ***VERLUSTZUG*** wendet sich das Blatt klar zugunsten von Weiss. Das bestätigt auch die Engine mit +- 2.22 bei einem Erwartungswert von 100% für Weiss.} 31. Na5 Qh6 32. Nxc6 {Droht Sxb8, denn die weisse Dame wäre dann gedeckt. Gleichzeitig sind aber auch der Td8 und der Le5 angegriffen, so dass Schwarz entscheidend Material verlieren muss, sobald die weisse Dame sich aus der Fesslung begibt oder sich durch b5 überdecken lässt.} h3+ 33. Kh1 Ra8 34. b5 Re8 35. Nxe5 Qxa6 {erzwungen} 36. Nxf7+ Kg7 37. bxa6 Kxf7 38. Rxd4 {Am Ende des Tages hat Weiss 3 Bauern mehr und beherrscht auch die völlig die offene d-Linie.} Kf6 39. Rd7 Rac8 40. Kg1 g4 41. Kf2 Kg6 42. R1d4 gxf3 43. Kxf3 Re6 44. Kg4 Rxa6 45. Re7 Kf6 (45... Rxa3 46. Rdd7 Ra6 (46... c6 $4 47. Rd6#) 47. Rxc7 $18 {und gewinnt}) 46. Rdd7 Re6 47. Rf7+ Ke5 48. Kf3 Ra6 {Nun gerät Schwarz in ein Mattnetz. Die Partie war aber so oder so verloren.} 49. Rd5+ Ke6 50. Rdf5 Rf8 51. Rxf8 Rxa3+ 52. Kg4 {Nach 52.Kf4 geht das Matt um 2 Züge schneller.} Ra4 53. R8f6+ Kd7 54. c6+ Ke7 55. Kf4 Ra2 56. Kg5 Rf2 {***AUFGEGEBEN***} 1-0